000 01460nam a2200253Ia 4500
005 20150604095752.0
008 130821n fr frdd 0 spa d
040 _aCo-BoUCM
_bspa
_cSandra Yazo (modificó)
_dSandra Yazo (modificó)
041 0 _aspa
082 0 4 _aR340.03
_220
092 _aE01N064
100 1 _aEscriche, Joaquín
_d1784-1847
_962205
245 1 0 _aNovísima edición del Diccionario razonado de legislación y jurisprudencia
_cpor D. Joaquín Escriche ; acompañada de un extenso suplemento ... compilado, concordado y comentado por D. Francisco Pi y Arsuaga
260 _aParís (Francia)
_bCasa Editorial Garnier Hermanos
_c[fecha desconocida]
300 _avii, 500 páginas
_c27 x 19 cm.
500 _aDetalles físicos: Encuadernación rígida, en cartón forrado en tela texturizada. Lomo en cuero, nervaduras sobre costuras, adornos en dorado. Tapas con recuadros repujados. Guardas simulando papel de agua. Hoja de cortesía. Anteportada. Portada impresa en una tinta, firma. Texto impreso en dos columnas, con varios tipos y tamaños de letra, separados por una línea vertical. Notas de píe de página
505 _aA - Z
506 _aConsulta en sala
650 7 _aDerecho
_vDiccionarios y enciclopedias
_97494
650 7 _aJurisprudencia
_vDiccionarios y enciclopedias
_918175
690 _942766
_aDerecho civil
700 1 _aPi y Arsuaga, Francisco
_d1866-1912
_969393
942 _cLIBRO
_a8
_e1
_2LOCAL
_hE01N064
999 _c65969
_d65969